000
00279nam a22001217a 4500
008
181101b xxu||||| |||| 00| 0 eng d
041
_a
eng
080
_a
311
100
_a
55
101
_a
STA
245
_a
Elements of Statistical Inference
_c
Huntsberger,D.V
942
_2
udc
_c
BK
999
_c
51503
_d
51503